[Event "AUTO-OPEN-1009"]
[Site "http://www.queenalice.com/game.php?id=438463"]
[Date "2008.7.24"]
[Round "2"]
[White "diego2907"]
[Black "IrineuFilho"]
[Result "1-0"]
[WhiteElo "1647"]
[BlackElo "1599"]

1. e4 e5 2. Bc4 a6 3. d3 Nc6 4. Nf3 h6 5. a3 Nf6 6. h3 b5 7. Bb3 Bc5 8. Be3 Be7
9. g4 g5 10. Qe2 b4 11. axb4 O-O 12. c3 a5 13. bxa5 Nxa5 14. Ba2 Ba6 15. h4 Nxg4
16. Nbd2 Kh7 17. hxg5 Bxg5 18. Bxg5 Qxg5 19. Nxg5+ Kg6 20. Qxg4 hxg5 21. Qf5+
Kg7 22. Qxg5# 1-0

[Event "AUTO-OPEN-1009"]
[Site "http://www.queenalice.com/game.php?id=438464"]
[Date "2008.7.24"]
[Round "2"]
[White "IrineuFilho"]
[Black "diego2907"]
[Result "1-0"]
[WhiteElo "1556"]
[BlackElo "1814"]

1. e4 e5 2. d4 exd4 3. Qxd4 Nc6 4. Qc4 Bb4+ 5. c3 Be7 6. Nf3 h6 7. Bd3 d6 8. O-O
Be6 9. Qa4 Nf6 10. Bb5 O-O 11. Bxc6 bxc6 12. Qxc6 Bd7 13. Qc4 Be6 14. Qc6 d5 15.
e5 Bd7 16. Qa6 Ne4 17. Qd3 Bf5 18. Qe2 Bg4 19. Rd1 c6 20. h3 Bxf3 21. Qxf3 Qb6
22. Be3 Qxb2 23. Nd2 Nxd2 24. Bxd2 Qb6 25. Qg3 Kh8 26. Be3 Qc7 27. Rab1 c5 28.
Rxd5 f6 29. Bf4 Qc6 30. c4 Rab8 31. Re1 Qa4 32. exf6 Bxf6 33. Bxb8 Qxc4 34. Bd6
Qxd5 35. Bxf8 Qxa2 36. Re8 Qa1+ 37. Kh2 Bc3 38. Bxg7+ Kh7 39. Rh8# 1-0

[Event "AUTO-OPEN-1009"]
[Site "http://www.queenalice.com/game.php?id=438471"]
[Date "2008.7.24"]
[Round "2"]
[White "IrineuFilho"]
[Black "SuperMouse"]
[Result "0-1"]
[WhiteElo "1562"]
[BlackElo "2168"]

1. e4 c5 2. Nc3 Nc6 3. Bc4 Nf6 4. Nf3 Nxe4 5. Nxe4 d5 6. Nd6+ Qxd6 7. Bb5 g6 8.
Ng5 Qe5+ 9. Qe2 Qxg5 10. O-O Qf6 11. d3 Bg7 12. h3 O-O 13. c4 Nd4 14. Qd1 Rd8
15. b4 Nxb5 16. Qa4 Qxa1 17. Bg5 Qe5 18. h4 Nc3 19. Qa5 b6 20. Qa3 f6 21. Be3
Ne2+ 22. Kh1 Qh5 23. g3 Qg4 24. Kg2 Qh3+ 25. Kf3 Bg4# 0-1

[Event "AUTO-OPEN-1009"]
[Site "http://www.queenalice.com/game.php?id=438472"]
[Date "2008.7.24"]
[Round "2"]
[White "SuperMouse"]
[Black "IrineuFilho"]
[Result "1-0"]
[WhiteElo "2169"]
[BlackElo "1560"]

1. d4 d5 2. c4 dxc4 3. Nf3 e6 4. e3 Nc6 5. Nc3 Bb4 6. Bxc4 Bxc3+ 7. bxc3 Nf6 8.
Ba3 Ne4 9. Qc2 f5 10. O-O a6 11. Bd3 Ng5 12. Nd2 b5 13. Rfe1 h5 14. f4 Nf7 15.
e4 Bb7 16. d5 exd5 17. exd5+ Ne7 18. Rxe7+ Qxe7 19. Bxe7 Kxe7 20. c4 b4 21. Qb2
c5 22. Qxg7 Rhg8 23. Re1+ Kd6 24. Re6+ Kc7 25. Qxf7+ Kd8 26. Qxg8+ Kc7 27. Qf7+
Kb8 28. Re8+ Ka7 29. d6 Rxe8 30. Qxe8 Kb6 31. d7 1-0

[Event "Challenge"]
[Site "http://www.queenalice.com/game.php?id=451924"]
[Date "2008.8.22"]
[Round "-"]
[White "IrineuFilho"]
[Black "QuantumUA"]
[Result "0-1"]
[WhiteElo "1613"]
[BlackElo "1590"]

1. e4 e5 2. Nc3 Nf6 3. d4 Nc6 4. d5 Nd4 5. f4 d6 6. Bb5+ Nxb5 7. Nxb5 exf4 8.
Qd4 Nh5 9. e5 Bd7 10. a4 a6 11. Nc3 Qe7 12. Bxf4 Nxf4 13. Qxf4 dxe5 14. Qf2 Qb4
15. O-O-O Be7 16. h4 Bxa4 17. Qe3 Bf6 18. Rd4 Qxd4 19. Qxd4 exd4 20. Nxa4 Rd8
21. Nf3 O-O 22. g4 Rxd5 23. g5 Be5 24. h5 Bf4+ 25. Kb1 Bxg5 26. Rd1 Ra5 27. b3
Bf6 28. h6 Rd8 29. hxg7 Bxg7 30. Rg1 d3 31. Rd1 b5 32. Nc5 Ra1# 0-1

[Event "AUTO-OPEN-990"]
[Site "http://www.queenalice.com/game.php?id=462815"]
[Date "2008.9.14"]
[Round "3"]
[White "pjanderson"]
[Black "IrineuFilho"]
[Result "1-0"]
[WhiteElo "1749"]
[BlackElo "1582"]

1. d4 d5 2. Bf4 Na6 3. Nf3 Bg4 4. Ne5 Bh5 5. Nc3 e6 6. g4 f6 7. gxh5 fxe5 8.
Bxe5 Ne7 9. Bh3 Nf5 10. Nb5 Bd6 11. Bxf5 exf5 12. Bxd6 cxd6 13. Qd3 g6 14. Qh3
Qa5+ 15. Nc3 Nb4 16. O-O Nxc2 17. Rad1 gxh5 18. Qxh5+ Ke7 19. Qxf5 Rhg8+ 20. Kh1
Raf8 21. Qxh7+ Ke8 22. Qxc2 Qd8 23. Nxd5 Qg5 24. Qe4+ Kd8 25. Rg1 Qf5 26. Qe7+
Kc8 27. Qc7# 1-0

[Event "AUTO-OPEN-990"]
[Site "http://www.queenalice.com/game.php?id=462816"]
[Date "2008.9.14"]
[Round "3"]
[White "IrineuFilho"]
[Black "pjanderson"]
[Result "0-1"]
[WhiteElo "1576"]
[BlackElo "1709"]

1. e4 b6 2. d3 Bb7 3. h4 e5 4. Nh3 Bc5 5. Qf3 Nf6 6. Qf5 Nc6 7. Nc3 Nd4 8. Qxe5+
Qe7 9. Qxc7 Nxc2+ 10. Kd1 Nxa1 11. Qxb7 O-O 12. Nd5 Qe6 13. Ng5 Qc6 14. Qxc6
dxc6 15. Nc7 Rac8 16. Na6 Ng4 17. Rh3 Nxf2+ 18. Kd2 Nxh3 19. Nxh3 Bd4 20. Ng5 c5
21. Kd1 Rc6 22. g3 Rf6 23. Bg2 Rf2 24. Bh1 h6 25. Nh3 Rh2 26. Bg2 Rxg2 27. Nc7
Rxg3 28. Nf4 Rg1+ 29. Kd2 g5 30. hxg5 hxg5 31. Ne2 Rg2 32. Nb5 f5 0-1

[Event "AUTO-OPEN-990"]
[Site "http://www.queenalice.com/game.php?id=462819"]
[Date "2008.9.14"]
[Round "3"]
[White "IrineuFilho"]
[Black "HokZ157"]
[Result "0-1"]
[WhiteElo "1602"]
[BlackElo "1977"]

1. e4 c5 2. Bc4 Nc6 3. Qf3 e6 4. Nh3 Ne5 5. Qc3 Nxc4 6. Qxc4 d6 7. Qb5+ Qd7 8.
Nc3 Qxb5 9. Nxb5 Kd7 10. O-O b6 11. d3 Nf6 12. Bf4 e5 13. Bg5 h6 14. Bh4 g5 15.
Bg3 Kc6 16. a4 Bxh3 17. gxh3 h5 18. d4 h4 19. d5+ Kd7 20. c4 hxg3 21. hxg3 Rxh3
22. Rab1 Nxe4 23. Rbd1 Be7 24. Rfe1 Rah8 25. Kg2 g4 26. Rxe4 f5 27. Ree1 a6 0-1

[Event "AUTO-OPEN-990"]
[Site "http://www.queenalice.com/game.php?id=462820"]
[Date "2008.9.14"]
[Round "3"]
[White "HokZ157"]
[Black "IrineuFilho"]
[Result "1-0"]
[WhiteElo "1943"]
[BlackElo "1558"]

1. e4 e5 2. f4 exf4 3. Nf3 Bc5 4. Bc4 Qe7 5. Nc3 Bb4 6. O-O Bc5+ 7. d4 Bb6 8.
Bxf4 g5 9. Nd5 Qxe4 10. Re1 Qe6 11. Nxg5 Qxe1+ 12. Qxe1+ Kf8 13. Nxb6 axb6 14.
Bxf7 Nf6 15. Bxc7 Na6 16. Bd6+ Kg7 17. Qe7 h6 18. Bh5+ 1-0